000 00600aam a2200217 4500
001 7372
003 Uk
005 20250613155158.0
006 m || d |
007 cr |||||||||||
008 040401s2004 enka ob 001 0 eng
020 _a0824813677
082 0 4 _a791.2 HEI
100 1 _aHeider, Karl G.
245 1 0 _aIndonesian cinema :
_bnational culture on screen.
260 _aHonolulu :
_bUniversity of Hawaii Press,
_c1991.
300 _avii,151 p. :
_bill, :
_c25 cm.
504 _aIncludes bibliographical references and index.
800 _aPalsson, Gisli.
942 _2ddc
_cMAIN
999 _c10381
_d10382